logo

Bir Sreshtho Munshi Abdur Rouf Library
Jhenaidah Cadet College

English writing skills / (Record no. 11029)

MARC details
000 -LEADER
fixed length control field 00806nam a2200265 a 4500
001 - CONTROL NUMBER
JCCL Control Number 11029
003 - CONTROL NUMBER IDENTIFIER
JCCL marc code BD-JhCC
005 - DATE AND TIME OF LATEST TRANSACTION
control field 20200219134008.0
008 - FIXED-LENGTH DATA ELEMENTS--GENERAL INFORMATION
fixed length control field 190727s20102017bg |||| |||| 000 0 eng d
020 ## - INTERNATIONAL STANDARD BOOK NUMBER
International Standard Book Number 9847002001175
035 ## - SYSTEM CONTROL NUMBER
system control number (BD-JhCC)11029
040 ## - CATALOGING SOURCE
Original cataloging agency BD-JhCC
Modifying agency BD-JhCC
041 ## - LANGUAGE CODE
Language code of Book eng
082 ## - DEWEY DECIMAL CLASSIFICATION NUMBER
Classification number 808.04207
Author mark and Year HAQ 2017
100 ## - MAIN ENTRY--PERSONAL NAME
Personal name Haque, Ataul
245 ## - TITLE STATEMENT
Title English writing skills /
Statement of responsibility, etc Ataul Haque, Jahurul Islam and Binoy Barman
250 ## - EDITION STATEMENT
Edition statement 3rd ed.
260 ## - PUBLICATION, DISTRIBUTION, ETC. (IMPRINT)
Place of publication, distribution, etc Dhaka :
Name of publisher, distributor, etc Friends Book Center,
Date of publication, distribution, etc 2017[reprint].
300 ## - PHYSICAL DESCRIPTION
Pagination 431 p. :
Dimensions 22 cm.
650 ## - SUBJECT ADDED ENTRY--TOPICAL TERM
Topical term or geographic name as entry element English language
General subdivision Study and teaching (Secondary)
650 ## - SUBJECT ADDED ENTRY--TOPICAL TERM
Topical term or geographic name as entry element English language
Form subdivision Study and teaching (Secondary)
General subdivision Composition and exercises
700 ## - ADDED ENTRY--PERSONAL NAME
Personal name Islam, Jahurul
700 ## - ADDED ENTRY--PERSONAL NAME
Personal name Barma, Binoy
942 ## - ADDED ENTRY ELEMENTS (KOHA)
Source of classification or shelving scheme Dewey Decimal Classification
Koha item type Books
Koha issues (borrowed), all copies 2
Holdings
Source of classification or shelving scheme Damaged status Not for loan Home library Current library Shelving location Date of accession Cost, normal purchase price Total Checkouts Full call number Barcode Date last seen Date checked out Copy number Koha item type
Dewey Decimal Classification     JCC Rouf Library JCC Rouf Library General Stacks 06/27/2019 235.00 5 808.04207 HAQ 2017 15029 11/19/2025 10/29/2025 C-1 Books

JCC Library | Contacts | JCC Home

Last Update on 23 September 2017
Copyright @ 2017-2020 JCC Rouf Library
Rouf Library, Jhenidah Cadet College (JCC), Bangladesh